<?xml version="1.0" encoding="UTF-8"?>
<record
    xmlns:xsi="http://www.w3.org/2001/XMLSchema-instance"
    xsi:schemaLocation="http://www.loc.gov/MARC21/slim http://www.loc.gov/standards/marcxml/schema/MARC21slim.xsd"
    xmlns="http://www.loc.gov/MARC21/slim">

  <leader>00201    a2200085   4500</leader>
  <datafield tag="020" ind1=" " ind2=" ">
    <subfield code="a">9781741646566</subfield>
  </datafield>
  <datafield tag="082" ind1=" " ind2=" ">
    <subfield code="a">JUNIOR FICTION</subfield>
  </datafield>
  <datafield tag="100" ind1=" " ind2=" ">
    <subfield code="a">THOMPSON, Lisa</subfield>
    <subfield code="9">365</subfield>
  </datafield>
  <datafield tag="245" ind1=" " ind2=" ">
    <subfield code="a">DRAGON AND BAT GET WASHED AWAY</subfield>
  </datafield>
  <datafield tag="999" ind1=" " ind2=" ">
    <subfield code="c">742902</subfield>
    <subfield code="d">742901</subfield>
  </datafield>
  <datafield tag="942" ind1=" " ind2=" ">
    <subfield code="w">369</subfield>
    <subfield code="x">Sathiadevi Naidoo</subfield>
    <subfield code="y">369</subfield>
    <subfield code="z">Sathiadevi Naidoo</subfield>
  </datafield>
  <datafield tag="952" ind1=" " ind2=" ">
    <subfield code="0">0</subfield>
    <subfield code="1">0</subfield>
    <subfield code="4">0</subfield>
    <subfield code="6">JUNIOR_FICTION</subfield>
    <subfield code="7">0</subfield>
    <subfield code="8">F</subfield>
    <subfield code="9">675124</subfield>
    <subfield code="a">THISL</subfield>
    <subfield code="b">THISL</subfield>
    <subfield code="c">FIC</subfield>
    <subfield code="d">2023-01-13</subfield>
    <subfield code="l">2</subfield>
    <subfield code="o">JUNIOR FICTION</subfield>
    <subfield code="p">33228016636589</subfield>
    <subfield code="r">2024-11-12</subfield>
    <subfield code="s">2024-11-01</subfield>
    <subfield code="w">2023-01-13</subfield>
    <subfield code="y">BOOK</subfield>
  </datafield>
</record>
